| 000 | 00343nam a2200133Ia 4500 | ||
|---|---|---|---|
| 008 | 230818s2008 xx 000 0 und d | ||
| 041 | _aeng | ||
| 100 | _aBagri | ||
| 245 | _aIntroduction to hospitality industry a Text book | ||
| 260 |
_bAmay pub. _c2008 |
||
| 300 | _a190p | ||
| 520 | _aGeneral | ||
| 999 |
_c852732 _d852732 |
||
| 650 | _aHospitality Strategic Management | ||